[Event "Seville op 49th"]
[Site "Seville"]
[Date "2024.01.13"]
[Round "2"]
[White "Pereira Figueroa, Manuel"]
[Black "Pap, Misa"]
[Result "0-1"]
[WhiteElo "1994"]
[BlackElo "2422"]
[PlyCount "84"]
[EventDate "2024.01.12"]
[EventType "swiss"]
[EventRounds "9"]
[EventCountry "ESP"]
[SourceTitle "CB04_2024"]
[SourceDate "2023.10.16"]
[SourceVersion "1"]
[SourceVersionDate "2023.10.16"]
[SourceQuality "1"]

1. d4 Nf6 2. c4 e6 3. Nc3 Bb4 4. a3 Bxc3+ 5. bxc3 Nc6 6. e3 b6 7. Bd3 Na5 8. Rb1 Ba6 9. Qe2 c5 10. dxc5 bxc5 11. Nf3 d6 12. 0-0 Nd7 13. e4 Nb6 14. e5 Bxc4 15. exd6 Qxd6 16. Bxc4 Naxc4 17. Rd1 Qc6 18. Ne5 Nxe5 19. Qxe5 0-0 20. Be3 Rac8 21. Qg3 Qe4 22. Rb5 Qa4 23. Rbb1 Qc2 24. Rdc1 Qd3 25. Qg4 f5 26. Qf4 Qc4 27. g3 Qxf4 28. Bxf4 Nc4 29. Rb7 h6 30. Re1 Rf7 31. Reb1 e5 32. Be3 a6 33. a4 g5 34. Kf1 f4 35. Bc1 f3 36. Ke1 Rd8 37. Rb8 Rfd7 38. Rxd8+ Rxd8 39. Rb7 Rd3 40. Rb3 Kf7 41. Ba3 Rd2 42. Bxc5 Re2+ 0-1

[Event "ESP-ch Rapid"]
[Site "Linares"]
[Date "2023.08.19"]
[Round "5"]
[White "Pereira Figueroa, Manuel"]
[Black "Abal Cores, Lucas"]
[Result "0-1"]
[WhiteElo "2064"]
[BlackElo "2339"]
[PlyCount "86"]
[EventDate "2023.08.19"]
[EventType "swiss (rapid)"]
[EventRounds "10"]
[EventCountry "ESP"]
[SourceTitle "CBM 215 Extra"]
[Source "ChessBase"]
[SourceDate "2023.09.30"]
[SourceVersion "1"]
[SourceVersionDate "2023.09.30"]
[SourceQuality "1"]

1. d4 f5 2. Nf3 Nf6 3. g3 g6 4. Bg2 Bg7 5. 0-0 d6 6. c4 0-0 7. Nc3 Nc6 8. d5 Ne5 9. Qb3 Nxf3+ 10. Bxf3 Qd7 11. Bf4 c5 12. Bg2 Nh5 13. Bd2 f4 14. Ne4 h6 15. Bc3 Nf6 16. Nd2 g5 17. Rae1 Qe8 18. Ne4 Qh5 19. Nxf6+ Bxf6 20. Bxf6 Rxf6 21. Bf3 g4 22. Be4 b6 23. f3 fxg3 24. hxg3 Qe5 25. Kg2 Bd7 26. Qc2 Raf8 27. f4 Qh5 28. Rh1 Qf7 29. e3 e6 30. dxe6 Bxe6 31. Qd3 Bxc4 32. Qb1 Re8 33. Kf2 Bd5 34. Bxd5 Qxd5 35. Qd1 Qf5 36. Qe2 d5 37. Rh4 Rg6 38. Reh1 Kg7 39. Rh5 Qe4 40. R1h4 d4 41. Rxg4 Qxe3+ 42. Qxe3 dxe3+ 43. Kf3 Rxg4 0-1

[Event "Seville op 47th"]
[Site "Seville"]
[Date "2022.07.20"]
[Round "6"]
[White "Gomez Ledo, Roberto Carlos"]
[Black "Pereira Figueroa, Manuel"]
[Result "1/2-1/2"]
[WhiteElo "2469"]
[BlackElo "2111"]
[PlyCount "85"]
[EventDate "2022.07.16"]
[EventType "swiss"]
[EventRounds "9"]
[EventCountry "ESP"]
[SourceTitle "CBM 209 Extra"]
[Source "ChessBase"]
[SourceDate "2022.09.30"]
[SourceVersion "1"]
[SourceVersionDate "2022.09.30"]
[SourceQuality "1"]

1. d4 d5 2. Bf4 c5 3. e3 Nc6 4. Nf3 Nf6 5. Nbd2 cxd4 6. exd4 Bf5 7. c3 e6 8. Qb3 Qc8 9. Be2 Be7 10. h3 h6 11. 0-0 0-0 12. Rfe1 Rd8 13. a4 Bd6 14. Bxd6 Rxd6 15. a5 Ne4 16. Bf1 Qc7 17. Qa3 Rc8 18. Nxe4 Bxe4 19. Nd2 Bg6 20. Nb3 b6 21. axb6 axb6 22. Bb5 Bc2 23. Bxc6 Bxb3 24. Bb5 Bc4 25. Ba4 Ra8 26. Qb4 Bd3 27. Red1 Bg6 28. Bb5 Rdd8 29. Ra3 Rxa3 30. Qxa3 e5 31. dxe5 Qxe5 32. Qb4 Be4 33. Bf1 Rd6 34. Qd4 Qxd4 35. Rxd4 Bf5 36. Bc4 Be6 37. Bb3 b5 38. Kf1 Kf8 39. Ke2 Ke7 40. Ke3 Kd7 41. Rb4 Kc6 42. Kd4 h5 43. Bd1 1/2-1/2

[Event "Dos Hermanas Blitz op 36th"]
[Site "Dos Hermanas"]
[Date "2022.06.04"]
[Round "5"]
[White "Pereira Figueroa, Manuel"]
[Black "Grigoryan, Karen H"]
[Result "0-1"]
[WhiteElo "2103"]
[BlackElo "2647"]
[PlyCount "62"]
[EventDate "2022.06.04"]
[EventType "swiss (blitz)"]
[EventRounds "8"]
[EventCountry "ESP"]
[SourceTitle "CBM 208 Extra"]
[Source "ChessBase"]
[SourceDate "2022.07.31"]
[SourceVersion "1"]
[SourceVersionDate "2022.07.31"]
[SourceQuality "1"]

1. d4 Nf6 2. c4 e6 3. Nc3 Bb4 4. a3 Bxc3+ 5. bxc3 c5 6. e3 0-0 7. Bd3 d6 8. Ne2 Nc6 9. 0-0 e5 10. e4 h6 11. d5 Ne7 12. Ng3 Ng6 13. Rb1 b6 14. Qe2 Nf4 15. Bxf4 exf4 16. Nf5 Bxf5 17. exf5 Nd7 18. g4 Ne5 19. Be4 Qg5 20. f3 h5 21. h3 f6 22. Rf2 Kf7 23. Rb2 Rh8 24. Qf1 Rh6 25. Rh2 hxg4 26. hxg4 Rah8 27. Rbg2 Rh4 28. Qe2 Qh6 29. Rxh4 Qxh4 30. a4 Qh1+ 31. Kf2 Qc1 0-1

[Event "Seville op 34th"]
[Site "Seville"]
[Date "2009.01.27"]
[Round "5"]
[White "Pereira Figueroa, Manuel"]
[Black "Robles Garcia, Claudia"]
[Result "1/2-1/2"]
[WhiteElo "2133"]
[BlackElo "2258"]
[PlyCount "45"]
[EventDate "2009.01.23"]
[EventType "swiss"]
[EventRounds "9"]
[EventCountry "ESP"]
[SourceTitle "CBM 128 Extra"]
[Source "ChessBase"]
[SourceDate "2009.03.05"]
[SourceVersion "2"]
[SourceVersionDate "2009.03.25"]
[SourceQuality "1"]

1. d4 Nf6 2. c4 c5 3. d5 b5 4. cxb5 a6 5. bxa6 g6 6. Nc3 Bxa6 7. Nf3 d6 8. h3 Bg7 9. e4 Bxf1 10. Kxf1 0-0 11. Kg1 Nbd7 12. Kh2 Qa5 13. Re1 Rfb8 14. Re2 Ne8 15. Rc2 Nb6 16. Qe2 Qb4 17. Bg5 Rb7 18. Nd2 h6 19. Be3 Nf6 20. Rb1 Nfd7 21. f4 Rbb8 22. Rf1 Kh7 23. a3 1/2-1/2

[Event "Seville op 33rd"]
[Site "Seville"]
[Date "2008.01.09"]
[Round "6"]
[White "Narciso Dublan, Marc"]
[Black "Pereira Figueroa, Manuel"]
[Result "1-0"]
[WhiteElo "2513"]
[BlackElo "2181"]
[PlyCount "33"]
[EventDate "2008.01.05"]
[EventType "swiss"]
[EventRounds "9"]
[EventCountry "ESP"]
[SourceTitle "CBM 122 Extra"]
[Source "ChessBase"]
[SourceDate "2008.03.04"]
[SourceVersion "1"]
[SourceVersionDate "2008.03.04"]
[SourceQuality "1"]

1. d4 Nf6 2. Bg5 Ne4 3. Bf4 c5 4. f3 Qa5+ 5. c3 Nf6 6. Nd2 cxd4 7. Nb3 Qf5 8. Bxb8 Rxb8 9. Qxd4 b6 10. e4 Qg6 11. e5 Ng8 12. 0-0-0 Nh6 13. Bb5 Qe6 14. Nh3 Nf5 15. Qd3 g5 16. f4 h6 17. g4 1-0

[Event "Seville op 33rd"]
[Site "Seville"]
[Date "2008.01.07"]
[Round "4"]
[White "Matamoros Franco, Carlos S"]
[Black "Pereira Figueroa, Manuel"]
[Result "1-0"]
[WhiteElo "2529"]
[BlackElo "2181"]
[PlyCount "77"]
[EventDate "2008.01.05"]
[EventType "swiss"]
[EventRounds "9"]
[EventCountry "ESP"]
[SourceTitle "CBM 122 Extra"]
[Source "ChessBase"]
[SourceDate "2008.03.04"]
[SourceVersion "1"]
[SourceVersionDate "2008.03.04"]
[SourceQuality "1"]

1. Nf3 d5 2. c4 c6 3. g3 Nf6 4. Bg2 Bf5 5. b3 h6 6. Bb2 Nbd7 7. 0-0 e6 8. d3 Be7 9. Nbd2 0-0 10. a3 a5 11. Qc2 Qb6 12. Rac1 Rfd8 13. Qb1 Rac8 14. Qa1 Bh7 15. Bh3 Ne8 16. Rc2 Bf6 17. Rfc1 Rc7 18. b4 Ra8 19. Bxf6 Nexf6 20. cxd5 exd5 21. Qc3 axb4 22. axb4 Rcc8 23. Rb2 Re8 24. Nb3 Ra3 25. Qd2 Bg6 26. Nc5 Nb8 27. Nd4 Qa7 28. b5 Ra1 29. b6 Rxc1+ 30. Qxc1 Qa8 31. Rb3 Bh5 32. Ra3 Na6 33. e3 Bg4 34. Bxg4 Nxg4 35. Nxa6 bxa6 36. Qxc6 Qb8 37. b7 Qe5 38. Rxa6 Nxe3 39. Qxe8+ 1-0

[Event "Coria del Rio op 13th"]
[Site "Coria del Rio"]
[Date "2007.02.28"]
[Round "8"]
[White "Martin Vazquez, Jose Miguel"]
[Black "Pereira Figueroa, Manuel"]
[Result "0-1"]
[WhiteElo "2167"]
[BlackElo "2121"]
[PlyCount "76"]
[EventDate "2007.02.20"]
[EventType "swiss"]
[EventRounds "9"]
[EventCountry "ESP"]
[SourceTitle "CBM 117 Extra"]
[Source "ChessBase"]
[SourceDate "2007.05.09"]
[SourceVersion "1"]
[SourceVersionDate "2007.05.09"]
[SourceQuality "1"]

1. d4 d5 2. c4 e6 3. Nc3 c5 4. cxd5 exd5 5. Nf3 Nc6 6. g3 Nf6 7. Bg2 Be7 8. 0-0 0-0 9. Bg5 cxd4 10. Nxd4 h6 11. Be3 Re8 12. Rc1 Bf8 13. Nxc6 bxc6 14. Na4 Qa5 15. b3 Qb5 16. Bd4 Ne4 17. e3 Bf5 18. f3 Ng5 19. Nc5 Ne6 20. a4 Qa5 21. Nxe6 Rxe6 22. Qe1 Bb4 23. Bc3 Rb8 24. e4 dxe4 25. fxe4 Bg6 26. Kh1 Bxc3 27. Rxc3 Bxe4 28. Bxe4 Rxe4 29. Qxe4 Qxc3 30. Rf3 Qc1+ 31. Kg2 Qd2+ 32. Rf2 Qd7 33. Rc2 Re8 34. Qxc6 Re2+ 35. Rxe2 Qxc6+ 36. Kf2 Qc5+ 37. Re3 Qc2+ 38. Kg1 g5 0-1

[Event "Coria del Rio op 13th"]
[Site "Coria del Rio"]
[Date "2007.02.24"]
[Round "4"]
[White "Lalic, Bogdan"]
[Black "Pereira Figueroa, Manuel"]
[Result "1-0"]
[WhiteElo "2522"]
[BlackElo "2121"]
[PlyCount "51"]
[EventDate "2007.02.20"]
[EventType "swiss"]
[EventRounds "9"]
[EventCountry "ESP"]
[SourceTitle "CBM 117 Extra"]
[Source "ChessBase"]
[SourceDate "2007.05.09"]
[SourceVersion "1"]
[SourceVersionDate "2007.05.09"]
[SourceQuality "1"]

1. c4 Nf6 2. Nc3 e6 3. e4 d6 4. d4 Nbd7 5. Nf3 c5 6. Be2 cxd4 7. Nxd4 Be7 8. 0-0 0-0 9. Be3 b6 10. Nc6 Qe8 11. Nb5 Nc5 12. Nxe7+ Qxe7 13. Qxd6 Qxd6 14. Nxd6 e5 15. f3 Ne6 16. Rfd1 Bd7 17. Rd2 Bc6 18. b4 Rfd8 19. c5 bxc5 20. bxc5 Ne8 21. Bc4 N8c7 22. Bd5 Bxd5 23. exd5 Nf4 24. Bxf4 exf4 25. Rad1 Rab8 26. Nf5 1-0

[Event "Coria del Rio op 13th"]
[Site "Coria del Rio"]
[Date "2007.02.23"]
[Round "3"]
[White "Pereira Figueroa, Manuel"]
[Black "Rojas Keim, Luis Alberto"]
[Result "1/2-1/2"]
[WhiteElo "2121"]
[BlackElo "2414"]
[PlyCount "117"]
[EventDate "2007.02.20"]
[EventType "swiss"]
[EventRounds "9"]
[EventCountry "ESP"]
[SourceTitle "CBM 117 Extra"]
[Source "ChessBase"]
[SourceDate "2007.05.09"]
[SourceVersion "1"]
[SourceVersionDate "2007.05.09"]
[SourceQuality "1"]

1. d4 d5 2. c4 Nc6 3. cxd5 Qxd5 4. e3 e5 5. Nc3 Bb4 6. Bd2 Bxc3 7. Bxc3 exd4 8. Ne2 Nf6 9. Nxd4 0-0 10. Nf3 Qxd1+ 11. Rxd1 Ne4 12. Rc1 Be6 13. a3 Ne7 14. Bb4 c5 15. Bd2 Rfd8 16. Bc4 Bxc4 17. Rxc4 f5 18. Ke2 Nc6 19. Rd1 Kf7 20. Be1 Rxd1 21. Kxd1 Rd8+ 22. Ke2 b6 23. Rc2 Ke6 24. Nd2 Nxd2 25. Bxd2 g5 26. b4 Kd5 27. bxc5 bxc5 28. Rb2 Rd7 29. h3 h5 30. e4+ fxe4 31. Bxg5 Nd4+ 32. Kd2 Rg7 33. h4 Ne6 34. g3 Nxg5 35. hxg5 Rxg5 36. Rb7 a5 37. Ra7 Rf5 38. Ke2 Rf3 39. Rxa5 Kd4 40. Ra8 c4 41. a4 Ra3 42. Rd8+ Kc3 43. Rc8 Rxa4 44. Ke3 Ra2 45. Rc5 Kb3 46. Rxh5 c3 47. Kxe4 Rxf2 48. g4 c2 49. Rc5 Rf1 50. g5 c1Q 51. Rxc1 Rxc1 52. Kf5 Kc4 53. g6 Kd5 54. Kf6 Rc6+ 55. Kf7 Rc7+ 56. Kf6 Rc6+ 57. Kf7 Ke5 58. g7 Rc7+ 59. Kg6 1/2-1/2

[Event "Seville op 32nd"]
[Site "Seville"]
[Date "2007.01.13"]
[Round "7"]
[White "Gavrilov, Alexei"]
[Black "Pereira Figueroa, Manuel"]
[Result "1-0"]
[WhiteElo "2465"]
[BlackElo "2121"]
[PlyCount "100"]
[EventDate "2007.01.07"]
[EventType "swiss"]
[EventRounds "9"]
[EventCountry "ESP"]
[SourceTitle "CBM 116 Extra"]
[Source "ChessBase"]
[SourceDate "2007.03.07"]
[SourceVersion "1"]
[SourceVersionDate "2007.03.07"]
[SourceQuality "1"]

1. d4 Nf6 2. c4 g6 3. Nc3 Bg7 4. e4 d6 5. Nf3 0-0 6. Be2 e5 7. Be3 Ng4 8. Bg5 f6 9. Bc1 Nc6 10. d5 Ne7 11. h3 Nh6 12. h4 Nf7 13. h5 g5 14. Qb3 h6 15. g4 c6 16. Nh2 b5 17. Be3 Qa5 18. dxc6 Nxc6 19. Qxb5 Qxb5 20. Nxb5 a6 21. Nc7 Rb8 22. 0-0-0 Rd8 23. f3 Bf8 24. Nf1 Rd7 25. Nd5 Kg7 26. Ng3 Rdb7 27. Rd2 Nfd8 28. Bd1 Nb4 29. a3 Nxd5 30. cxd5 Bd7 31. Rhh2 Kf7 32. Rd3 Ke8 33. Rc3 Nf7 34. Nf5 Be7 35. Rhc2 Bd8 36. Be2 a5 37. Ba6 Rb3 38. Bc8 Rxc3 39. Bxd7+ Kxd7 40. Rxc3 Bb6 41. Bxb6 Rxb6 42. b3 Kd8 43. Kc2 Kd7 44. Rc4 Ra6 45. Ra4 Kc7 46. b4 Kb6 47. Rxa5 Rxa5 48. bxa5+ Kxa5 49. Kb3 Kb5 50. a4+ Kc5 1-0

[Event "Dos Hermanas op 5th"]
[Site "Dos Hermanas"]
[Date "2006.04.07"]
[Round "9"]
[White "Perez Garcia, Rodney Oscar"]
[Black "Pereira Figueroa, Manuel"]
[Result "1-0"]
[WhiteElo "2425"]
[BlackElo "2113"]
[PlyCount "64"]
[EventDate "2006.03.30"]
[EventType "swiss"]
[EventRounds "9"]
[EventCountry "ESP"]
[SourceTitle "CBM 111 Extra"]
[Source "ChessBase"]
[SourceDate "2006.05.09"]
[SourceVersion "1"]
[SourceVersionDate "2006.05.09"]
[SourceQuality "1"]

1. c4 Nf6 2. Nc3 e6 3. e4 d6 4. d4 Nbd7 5. Nf3 e5 6. Be2 g6 7. 0-0 Bg7 8. Be3 0-0 9. d5 Nc5 10. Nd2 a5 11. a3 Nfd7 12. b4 Na6 13. Nb5 f5 14. f3 Rf7 15. Rb1 Bf8 16. Qc2 Nf6 17. c5 f4 18. Bf2 g5 19. cxd6 cxd6 20. Nc4 axb4 21. axb4 h5 22. Rfc1 Ne8 23. Nb6 Bd7 24. Nxa8 Qxa8 25. Nc3 Qd8 26. Bb5 g4 27. Bxd7 Rxd7 28. Nb5 Qg5 29. Kh1 g3 30. Bb6 gxh2 31. Qc8 Rg7 32. Rc2 Qg3 1-0

[Event "Seville op 31st"]
[Site "Seville"]
[Date "2006.01.10"]
[Round "4"]
[White "Enjuto Velasco, Roberto"]
[Black "Pereira Figueroa, Manuel"]
[Result "1-0"]
[WhiteElo "2196"]
[BlackElo "2113"]
[PlyCount "69"]
[EventDate "2006.01.07"]
[EventType "swiss"]
[EventRounds "9"]
[EventCountry "ESP"]
[SourceTitle "CBM 110 Extra"]
[Source "ChessBase"]
[SourceDate "2006.03.10"]
[SourceVersion "2"]
[SourceVersionDate "2006.03.10"]
[SourceQuality "1"]

1. e4 c5 2. Nf3 d6 3. d4 cxd4 4. Nxd4 Nf6 5. Nc3 a6 6. Bc4 e6 7. Bb3 b5 8. 0-0 Qd7 9. f4 Bb7 10. f5 e5 11. Nde2 h6 12. Ng3 Qd8 13. Be3 Nbd7 14. Nh5 Rc8 15. a4 Rxc3 16. Nxf6+ Nxf6 17. bxc3 Bxe4 18. axb5 axb5 19. c4 Be7 20. cxb5 0-0 21. c4 Qc8 22. Ra7 Bb7 23. Kh1 Rd8 24. Qa1 Nh5 25. Rd1 Bf6 26. c5 Bxg2+ 27. Kxg2 Qxf5 28. Bxf7+ Kh8 29. Bxh5 Qxh5 30. Qa4 e4 31. Rf1 Be5 32. Bg1 e3 33. Ra8 Qg5+ 34. Kh1 e2 35. Rf8+ 1-0

[Event "Seville op 31st"]
[Site "Seville"]
[Date "2006.01.09"]
[Round "3"]
[White "Pereira Figueroa, Manuel"]
[Black "Teran Alvarez, Ismael"]
[Result "1/2-1/2"]
[WhiteElo "2113"]
[BlackElo "2446"]
[PlyCount "51"]
[EventDate "2006.01.07"]
[EventType "swiss"]
[EventRounds "9"]
[EventCountry "ESP"]
[SourceTitle "CBM 110 Extra"]
[Source "ChessBase"]
[SourceDate "2006.03.10"]
[SourceVersion "2"]
[SourceVersionDate "2006.03.10"]
[SourceQuality "1"]

1. d4 Nf6 2. Nf3 c5 3. d5 b5 4. b3 e6 5. dxe6 fxe6 6. e3 Bb7 7. Be2 Be7 8. 0-0 a6 9. c4 b4 10. Bb2 0-0 11. Nbd2 Nc6 12. Qc2 Bd6 13. Bd3 Qe7 14. Rad1 Bc7 15. Ne4 Ng4 16. Ng3 h6 17. Bh7+ Kh8 18. Be4 Rab8 19. Rd2 Nce5 20. Nxe5 Bxe5 21. Bxe5 Nxe5 22. Bxb7 Rxb7 23. Qe4 Nc6 24. Rfd1 Rc7 25. Nh5 Kg8 26. Nf4 1/2-1/2

[Event "Dos Hermanas-D"]
[Site "Dos Hermanas"]
[Date "2005.04.09"]
[Round "9"]
[White "Pereira Figueroa, Manuel"]
[Black "Beletsky, Alexey"]
[Result "0-1"]
[WhiteElo "2089"]
[BlackElo "2372"]
[PlyCount "72"]
[EventDate "2005.04.01"]
[EventType "tourn"]
[EventRounds "9"]
[EventCountry "ESP"]
[SourceTitle "CBM 105 Extra"]
[Source "ChessBase"]
[SourceDate "2005.05.01"]
[SourceVersion "1"]
[SourceVersionDate "2005.05.01"]
[SourceQuality "1"]

1. d4 Nf6 2. c4 e5 3. dxe5 Ng4 4. e3 Nxe5 5. Nh3 a5 6. Be2 Ra6 7. Nc3 Rg6 8. Nf4 Rh6 9. e4 Bb4 10. Qc2 0-0 11. Be3 Na6 12. Nd3 Nxd3+ 13. Bxd3 Re6 14. a3 Bc5 15. Bxc5 Nxc5 16. b4 Na6 17. Rb1 axb4 18. axb4 c5 19. Nd5 cxb4 20. 0-0 d6 21. Nxb4 Nc5 22. Nd5 Rh6 23. g3 Bh3 24. Rfe1 Re8 25. f3 Be6 26. Bf1 Bxd5 27. cxd5 Qf6 28. Qf2 g5 29. Rbd1 g4 30. Bg2 gxf3 31. Bxf3 Rg6 32. Re3 Rg5 33. Qe2 Rge5 34. Re1 Qg5 35. Kf2 f5 36. Qc2 fxe4 0-1

[Event "Dos Hermanas-D"]
[Site "Dos Hermanas"]
[Date "2005.04.08"]
[Round "8"]
[White "Romero Garcia, Mariano"]
[Black "Pereira Figueroa, Manuel"]
[Result "1/2-1/2"]
[WhiteElo "2171"]
[BlackElo "2089"]
[PlyCount "30"]
[EventDate "2005.04.01"]
[EventType "tourn"]
[EventRounds "9"]
[EventCountry "ESP"]
[SourceTitle "CBM 105 Extra"]
[Source "ChessBase"]
[SourceDate "2005.05.01"]
[SourceVersion "1"]
[SourceVersionDate "2005.05.01"]
[SourceQuality "1"]

1. e4 e6 2. d4 d5 3. e5 c5 4. Nf3 Nc6 5. Bd3 cxd4 6. 0-0 f6 7. Qe2 fxe5 8. Nxe5 Nxe5 9. Qxe5 Nf6 10. Bf4 Be7 11. Nd2 0-0 12. Bg3 Ng4 13. Qh5 Nf6 14. Qe5 Ng4 15. Qh5 Nf6 1/2-1/2

[Event "Dos Hermanas-D"]
[Site "Dos Hermanas"]
[Date "2005.04.03"]
[Round "3"]
[White "Pereira Figueroa, Manuel"]
[Black "Gallardo Fernandez, Cesar"]
[Result "1-0"]
[WhiteElo "2089"]
[BlackElo "2162"]
[PlyCount "73"]
[EventDate "2005.04.01"]
[EventType "tourn"]
[EventRounds "9"]
[EventCountry "ESP"]
[SourceTitle "CBM 105 Extra"]
[Source "ChessBase"]
[SourceDate "2005.05.01"]
[SourceVersion "1"]
[SourceVersionDate "2005.05.01"]
[SourceQuality "1"]

1. d4 d5 2. c4 dxc4 3. Nf3 Nf6 4. e3 e6 5. Bxc4 c5 6. Qe2 Nc6 7. dxc5 Bxc5 8. 0-0 0-0 9. e4 a6 10. e5 Nd5 11. Nbd2 Na5 12. Ne4 Nxc4 13. Nxc5 b5 14. b3 Ncb6 15. Bd2 Nd7 16. Ne4 a5 17. Rfc1 Qb6 18. Rc2 Ba6 19. Nd6 b4 20. Nc4 Qd8 21. Qe4 Nc5 22. Qd4 Nb7 23. Ng5 Ne7 24. Qe4 Nf5 25. Be3 Rc8 26. Rd2 Qe7 27. Rad1 Nc5 28. Qb1 h6 29. Bxc5 Rxc5 30. Ne4 Rc7 31. Nxa5 Ra8 32. Ng3 Nxg3 33. hxg3 g6 34. Qe4 Rac8 35. Rd6 Bb5 36. Qxb4 Be2 37. Re1 1-0

[Event "Coria del Rio op 11th"]
[Site "Coria del Rio"]
[Date "2005.02.15"]
[Round "6"]
[White "Pereira Figueroa, Manuel"]
[Black "Hernandez del Can, Jose Alberto"]
[Result "1-0"]
[WhiteElo "2097"]
[BlackElo "1969"]
[PlyCount "89"]
[EventDate "2005.02.10"]
[EventType "swiss"]
[EventRounds "9"]
[EventCountry "ESP"]
[SourceTitle "CBM 104 Extra"]
[Source "ChessBase"]
[SourceDate "2005.03.01"]
[SourceVersion "1"]
[SourceVersionDate "2005.03.01"]
[SourceQuality "1"]

1. d4 Nf6 2. c4 g6 3. Nc3 d5 4. cxd5 Nxd5 5. e4 Nxc3 6. bxc3 Bg7 7. Nf3 c5 8. Rb1 0-0 9. Be2 Nc6 10. e5 cxd4 11. cxd4 Qa5+ 12. Bd2 Qxa2 13. Qc1 Qd5 14. Qc3 e6 15. 0-0 b6 16. Bc4 Qd7 17. Rfd1 Bb7 18. Bg5 h6 19. Bf4 Na5 20. Be2 Be4 21. Rb2 Bd5 22. Nd2 Rfc8 23. Qe3 Kh7 24. Ne4 Bxe4 25. Qxe4 Rd8 26. h4 Rac8 27. h5 Qc6 28. Qb1 Qe8 29. Rbd2 Nc4 30. Rd3 Kg8 31. hxg6 fxg6 32. Rg3 g5 33. Bc1 Nxe5 34. dxe5 Rxd1+ 35. Bxd1 Bxe5 36. Rh3 Bg7 37. Bxg5 Qc6 38. Bxh6 Bxh6 39. Rxh6 Rc7 40. Qg6+ Rg7 41. Qxe6+ Qxe6 42. Rxe6 Rc7 43. Bb3 Kg7 44. f4 b5 45. Ra6 1-0

[Event "Seville op 30th"]
[Site "Seville"]
[Date "2005.01.08"]
[Round "2"]
[White "Parligras, Mircea Emilian"]
[Black "Pereira Figueroa, Manuel"]
[Result "1-0"]
[WhiteElo "2559"]
[BlackElo "2097"]
[PlyCount "57"]
[EventDate "2005.01.07"]
[EventType "swiss"]
[EventRounds "9"]
[EventCountry "ESP"]
[SourceTitle "CBM 104 Extra"]
[Source "ChessBase"]
[SourceDate "2005.03.01"]
[SourceVersion "1"]
[SourceVersionDate "2005.03.01"]
[SourceQuality "1"]

1. e4 c5 2. Nf3 d6 3. d4 cxd4 4. Nxd4 Nf6 5. Nc3 a6 6. f3 e5 7. Nb3 Be6 8. Be3 Nbd7 9. g4 Nb6 10. g5 Nfd7 11. Qd2 Nc4 12. Bxc4 Bxc4 13. 0-0-0 Rc8 14. h4 a5 15. Kb1 b5 16. Nd5 b4 17. h5 a4 18. Nc1 Bxd5 19. Qxd5 Qc7 20. Rh2 Be7 21. Nd3 Rb8 22. f4 exf4 23. Bxf4 0-0 24. h6 Rfd8 25. hxg7 Ne5 26. Rxh7 Rdc8 27. Rh8+ Kxg7 28. Bxe5+ dxe5 29. Rh7+ 1-0

[Event "Dos Hermanas op 4th"]
[Site "Dos Hermanas"]
[Date "2004.03.31"]
[Round "7"]
[White "Barrientos Chavarriaga, Sergio E"]
[Black "Pereira Figueroa, Manuel"]
[Result "1/2-1/2"]
[WhiteElo "2425"]
[BlackElo "2094"]
[PlyCount "26"]
[EventDate "2004.03.25"]
[EventType "swiss"]
[EventRounds "9"]
[EventCountry "ESP"]
[SourceTitle "CBM 099 Extra"]
[Source "ChessBase"]
[SourceDate "2004.05.04"]
[SourceVersion "1"]
[SourceVersionDate "2004.05.04"]
[SourceQuality "1"]

1. e4 e6 2. d4 d5 3. Nc3 Bb4 4. Nge2 c5 5. exd5 exd5 6. dxc5 Ne7 7. Qd4 Nbc6 8. Qxg7 Rg8 9. Qf6 d4 10. a3 Rg6 11. Qh8+ Rg8 12. Qf6 Rg6 13. Qh8+ Rg8 1/2-1/2

[Event "Dos Hermanas op 4th"]
[Site "Dos Hermanas"]
[Date "2004.03.29"]
[Round "5"]
[White "Veingold, Aleksandr"]
[Black "Pereira Figueroa, Manuel"]
[Result "1/2-1/2"]
[WhiteElo "2478"]
[BlackElo "2094"]
[PlyCount "89"]
[EventDate "2004.03.25"]
[EventType "swiss"]
[EventRounds "9"]
[EventCountry "ESP"]
[SourceTitle "CBM 099 Extra"]
[Source "ChessBase"]
[SourceDate "2004.05.04"]
[SourceVersion "1"]
[SourceVersionDate "2004.05.04"]
[SourceQuality "1"]

1. d4 d5 2. Nf3 Nf6 3. c4 e6 4. g3 c5 5. cxd5 exd5 6. Bg2 Be7 7. 0-0 0-0 8. Nc3 Nc6 9. Bg5 cxd4 10. Nxd4 h6 11. Be3 Re8 12. Qc2 Bf8 13. Rad1 Bg4 14. h3 Bh5 15. Nxc6 bxc6 16. Bd4 Bb4 17. g4 Bg6 18. Qa4 Qd6 19. Bxf6 gxf6 20. e4 Bxc3 21. bxc3 Qf4 22. Qxc6 dxe4 23. Qd6 Re5 24. Rd5 Rae8 25. Rxe5 Rxe5 26. Qb8+ Kg7 27. Qxa7 Qd2 28. Qd4 Qxa2 29. c4 Qe2 30. f4 exf3 31. Bxf3 Qc2 32. Bd5 Qe2 33. Qf4 f5 34. Rf2 Qe1+ 35. Kh2 Re2 36. Qd4+ Kf8 37. Rxe2 Qxe2+ 38. Bg2 fxg4 39. hxg4 h5 40. g5 Qg4 41. Qxg4 hxg4 42. Kg3 f6 43. Kxg4 fxg5 44. Kxg5 Bd3 45. c5 1/2-1/2

[Event "Internet Section 10B g/8'+2\""]
[Site "Dos Hermanas"]
[Date "2004.03.11"]
[Round "2"]
[White "Valles Moreno, Ivan"]
[Black "Pereira Figueroa, Manuel"]
[Result "1-0"]
[WhiteElo "2375"]
[BlackElo "2094"]
[PlyCount "65"]
[EventDate "2004.03.10"]
[EventType "swiss (blitz)"]
[EventRounds "9"]
[EventCountry "ESP"]
[SourceTitle "EXT 2005"]
[Source "ChessBase"]
[SourceDate "2004.11.15"]
[SourceVersion "1"]
[SourceVersionDate "2004.11.15"]
[SourceQuality "1"]

1. d4 Nf6 2. c4 g6 3. Nc3 Bg7 4. e4 d6 5. f3 0-0 6. Nge2 c5 7. d5 Nbd7 8. Ng3 a6 9. a4 Rb8 10. Be2 Ne5 11. 0-0 e6 12. f4 Ned7 13. dxe6 fxe6 14. Qxd6 Qe8 15. e5 Nh5 16. Nxh5 gxh5 17. Qd1 b6 18. Bxh5 Qe7 19. Bf3 Bb7 20. Bxb7 Rxb7 21. Ne4 Nb8 22. Ra3 Nc6 23. Rg3 Kh8 24. Be3 Rd7 25. Qh5 Nd4 26. Rh3 h6 27. Nf6 Rdd8 28. Bxd4 Rxd4 29. Qg6 Rxf6 30. exf6 Qxf6 31. Rxh6+ Kg8 32. Qh7+ Kf7 33. Rxf6+ 1-0